|
|
|
|
| LEADER |
00000nab#a22000007a#4500 |
| 001 |
arbauad017323 |
| 003 |
AR-BaUAD |
| 005 |
20250711111547.0 |
| 008 |
960229|||||||||###||||||b###|0###a|spa|| |
| 040 |
|
|
|a AR-BaUAD
|c AR-BaUAD
|b spa
|
| 245 |
1 |
0 |
|a Shanghai Express
|
| 300 |
0 |
|
|b p. pr28-pr33: fot., il., planos
|
| 500 |
|
|
|a Artículo teórico.
|
| 653 |
|
|
|a SHANGHAI
|
| 653 |
|
|
|a CHINA
|
| 653 |
|
|
|a PLANIFICACION URBANA
|
| 653 |
|
|
|a DISEÑO URBANO
|
| 653 |
|
|
|a URBANISMO
|
| 773 |
0 |
|
|t ARCHITECTURAL RECORD
|g [jul. 1995]
|
| 942 |
|
|
|c ARTI
|
| 952 |
|
|
|0 0
|1 0
|4 0
|7 0
|9 62243
|a AR-BAuAD
|b AR-BAuAD
|d 2025-07-11
|l 0
|p AAQA017323
|r 2025-07-11 11:15:47
|w 2025-07-11
|y ARTI
|
| 990 |
|
|
|a U199
|b TD
|
| 998 |
|
|
|a AAQ
|b BIBUN76
|
| 999 |
|
|
|c 41916
|d 41916
|